01061 2200193 4500001002100000005001500021035002000036008004100056245007000097100002700167250000600194260005900200300001200259084001400271082000800285650001000293520055200303990001200855INLIS00000000000103520240527014817 a0010-0524000270240527 1 ind 1 aPerawan Remaja Dalam Cengkeraman Militer /cPramoedya Ananta Toer aAnanta Toer, Pramoedya a1 aJakarta :bKPG ( Kepustakaan Populer Gramedia ),c2002 a218 hlm a813 PRA p a813 4aFiksi aTahun 1943, Pemerintahan Pendudukan Balatentara Dai Nippon di Jawa mengeluarkan perintah kepada para remaja perempuan untuk melanjutkan sekolah di Tokyo dan Shonanto. Perintah ini tidak pernah diumumkan secara resmi, juga tidak masuk dalam Osamu Serei (Lembaran Negara). Jepang sengaja melakukannya untuk menghilangkan jejak. Dan para perawan remaja yang telah diberangkatkan meninggalkan kampung halaman dan keluarga, menempuh perjalanan yang berbahaya, nyatanya bukan untuk disekolahkan. Mereka dipaksa untuk memenuhi impian seks serdadu Jepang. a0744013